| 000 | 00465nam a22001937a 4500 | ||
|---|---|---|---|
| 003 | CEME | ||
| 005 | 20210628203640.0 | ||
| 008 | 210121b xxu||||| |||| 00| 0 eng d | ||
| 020 | _a1-4039-0684-X | ||
| 040 | _cceme | ||
| 082 | _a535.84 KEM | ||
| 100 |
_aKemp, William _966693 |
||
| 245 | _aOrganic spectroscopy | ||
| 250 | _a3RD | ||
| 260 |
_aNEW DELHI _bPALGRAVE _c1991 |
||
| 300 | _aXXII,393 P | ||
| 650 |
_aORGANIC SPECTROSCOPY _966694 |
||
| 942 |
_cBK _2ddc |
||
| 999 |
_c574620 _d574620 |
||